000 00676nam a22002417a 4500
003 UA-OsUOA
001 89938
007 ta
008 20121112b un ||||| |||| 00| 0 ukr d
100 _aКуземко М.
090 _a821.161.2
_bК89
942 _cBK
040 _aUA-OsUOA
_bukr
_cUA-OsUOA
_dUA-OsUOA
245 _aІ жити, і любити
_bоповідання, повість
300 _a261 с.
955 _a3
041 _aukr
080 _a821.161.2
020 _a5-333-00035-2
260 _aК.
_bРадянський письменник
_c1988
650 7 _a82 Література. Літературознавство
_2UDC
999 _c376211
_d376211